[Event "Split op 7th"]
[Site "Split"]
[Date "2017.08.21"]
[Round "2"]
[White "Gjuran, Denis"]
[Black "Glavan, Marko"]
[Result "1/2-1/2"]
[WhiteElo "2342"]
[BlackElo "2069"]
[PlyCount "70"]
[EventDate "2017.08.20"]
[EventType "swiss"]
[EventRounds "9"]
[EventCountry "CRO"]
[SourceTitle "CBM 180 Extra"]
[Source "ChessBase"]
[SourceDate "2017.10.06"]
[SourceVersion "1"]
[SourceVersionDate "2017.10.06"]
[SourceQuality "1"]

1. e4 c5 2. c3 Nf6 3. e5 Nd5 4. d4 cxd4 5. Nf3 Nc6 6. cxd4 d6 7. Bc4 e6 8. 0-0 Be7 9. Qe2 0-0 10. Re1 Qb6 11. Rd1 Bd7 12. exd6 Bxd6 13. Nc3 Nxc3 14. bxc3 Na5 15. Bd3 Qc7 16. c4 Ba4 17. Re1 b6 18. Bxh7+ Kxh7 19. Ng5+ Kg6 20. Qe4+ f5 21. Qh4 Bxh2+ 22. Kh1 Bd7 23. Qh7+ Kf6 24. Qxh2 Qxh2+ 25. Kxh2 Rh8+ 26. Kg3 Nxc4 27. Nf3 Bc6 28. Bg5+ Kf7 29. Rac1 Bxf3 30. Rxc4 Bd5 31. Rc7+ Kg6 32. Bf4 Rhc8 33. Rd7 Rd8 34. Rc7 Rdc8 35. Rd7 Rd8 1/2-1/2

[Event "CRO-chT U20 24th"]
[Site "Sv Filip i Jakov"]
[Date "2015.04.01"]
[Round "6.4"]
[White "Plenca, Jadranko"]
[Black "Glavan, Marko"]
[Result "1-0"]
[WhiteElo "2322"]
[BlackElo "2006"]
[PlyCount "147"]
[EventDate "2015.03.30"]
[EventType "team-tourn"]
[EventRounds "11"]
[EventCountry "CRO"]
[SourceTitle "CBM 165 Extra"]
[Source "ChessBase"]
[SourceDate "2015.04.21"]
[SourceVersion "1"]
[SourceVersionDate "2015.04.21"]
[SourceQuality "1"]

1. e4 e5 2. Nf3 Nc6 3. Bc4 Bc5 4. c3 Nf6 5. d4 exd4 6. cxd4 Bb4+ 7. Bd2 Bxd2+ 8. Nbxd2 d5 9. exd5 Nxd5 10. Qb3 Nce7 11. 0-0 0-0 12. Ne5 c6 13. Qf3 Ng6 14. Ne4 Qe7 15. Qg3 Bf5 16. Bxd5 cxd5 17. Nc3 Qb4 18. Nxd5 Qxd4 19. Nxg6 Bxg6 20. Qb3 Be4 21. Rad1 Bxd5 22. Qxd5 Qxd5 23. Rxd5 Rfd8 24. Rfd1 Rxd5 25. Rxd5 g6 26. Rd7 b5 27. g3 a5 28. Rb7 b4 29. Rb5 Kg7 30. h4 Ra7 31. h5 gxh5 32. Rxh5 a4 33. Rb5 a3 34. Rxb4 axb2 35. Rxb2 Kf6 36. Kf1 Ke5 37. Ke2 Ra3 38. Kd2 f5 39. Kc2 Kd4 40. Rb4+ Ke5 41. Rb2 Kd4 42. Kd2 h5 43. Ke2 Ke5 44. Kf1 f4 45. Rb5+ Kf6 46. gxf4 h4 47. Rh5 h3 48. Kg1 Rf3 49. Rh4 Kf5 50. a4 Ra3 51. a5 Ke4 52. Kh2 Rf3 53. a6 Rxf2+ 54. Kxh3 Ra2 55. Kg4 Rg2+ 56. Kh3 Ra2 57. Kg3 Rxa6 58. Rh5 Re6 59. Kg4 Rb6 60. Re5+ Kd4 61. Re1 Kd5 62. f5 Rb2 63. Kg5 Rg2+ 64. Kf6 Kd6 65. Kf7 Kd7 66. f6 Rg3 67. Kf8 Rf3 68. f7 Rg3 69. Rd1+ Kc7 70. Rd4 Rg2 71. Ke7 Re2+ 72. Kf6 Rf2+ 73. Ke6 Rf1 74. Rd5 1-0

[Event "CRO-ch U19"]
[Site "Sveti Martin "]
[Date "2014.07.29"]
[Round "6"]
[White "Monjac, Mislav"]
[Black "Glavan, Marko"]
[Result "1/2-1/2"]
[WhiteElo "2159"]
[BlackElo "2040"]
[PlyCount "31"]
[EventDate "2014.07.26"]
[EventType "swiss"]
[EventRounds "9"]
[EventCountry "CRO"]
[SourceTitle "EXT 2015"]
[Source "ChessBase"]
[SourceDate "2014.11.20"]
[SourceVersion "1"]
[SourceVersionDate "2014.11.20"]
[SourceQuality "1"]

1. e4 c5 2. Nf3 e6 3. d3 Nc6 4. g3 d5 5. Qe2 Nge7 6. Bg2 g6 7. 0-0 Bg7 8. Re1 b6 9. e5 h6 10. h4 Qc7 11. c3 Ba6 12. b3 0-0-0 13. c4 Nf5 14. Bb2 dxc4 15. dxc4 Nfd4 16. Bxd4 1/2-1/2

[Event "CRO-chT2 South"]
[Site "Croatia"]
[Date "2014.04.25"]
[Round "1.4"]
[White "Glavan, Marko"]
[Black "Truta, Srecko"]
[Result "1/2-1/2"]
[WhiteElo "2049"]
[BlackElo "2231"]
[PlyCount "60"]
[EventDate "2014.04.25"]
[EventType "team-tourn"]
[EventRounds "9"]
[EventCountry "CRO"]
[SourceTitle "EXT 2019"]
[Source "ChessBase"]
[SourceDate "2018.10.10"]
[SourceVersion "1"]
[SourceVersionDate "2018.10.10"]
[SourceQuality "1"]

1. e4 e5 2. Nf3 Nc6 3. Bb5 a6 4. Ba4 Nf6 5. 0-0 Be7 6. Re1 b5 7. Bb3 d6 8. c3 0-0 9. h3 h6 10. d4 Re8 11. Nbd2 Bf8 12. Nf1 Bb7 13. Ng3 Na5 14. Bc2 Nc4 15. b3 Nb6 16. a4 bxa4 17. bxa4 a5 18. Bd3 Bc6 19. d5 Bd7 20. Bb5 Bxb5 21. axb5 Qd7 22. Qd3 g6 23. c4 Qe7 24. Bd2 a4 25. Bb4 Nfd7 26. Nd2 h5 27. Nb1 Bh6 28. Nc3 Rf8 29. Ra3 Qg5 30. Nf1 f5 1/2-1/2

[Event "CRO-chT U20 23rd"]
[Site "Sv Filip i Jakov"]
[Date "2014.04.18"]
[Round "9.2"]
[White "Safar, Sandro"]
[Black "Glavan, Marko"]
[Result "0-1"]
[WhiteElo "1699"]
[BlackElo "2049"]
[PlyCount "88"]
[EventDate "2014.04.14"]
[EventType "team-tourn"]
[EventRounds "11"]
[EventCountry "CRO"]
[SourceTitle "EXT 2016"]
[Source "ChessBase"]
[SourceDate "2015.10.08"]
[SourceVersion "1"]
[SourceVersionDate "2015.10.08"]
[SourceQuality "1"]

1. e4 c5 2. Nf3 d6 3. d4 cxd4 4. Nxd4 Nf6 5. Nc3 a6 6. Be2 e6 7. Be3 Be7 8. 0-0 0-0 9. Kh1 Qc7 10. f4 Nc6 11. Nxc6 bxc6 12. g4 Bb7 13. g5 Nd7 14. h4 d5 15. Bf3 Rfd8 16. Qe2 Bc5 17. Bxc5 Nxc5 18. e5 d4 19. Ne4 Nxe4 20. Bxe4 c5 21. Rad1 Bxe4+ 22. Qxe4 Rab8 23. b3 Rd5 24. Rd3 Rbd8 25. Rfd1 Qe7 26. Kh2 h5 27. Qf3 g6 28. Qe4 Kg7 29. Kg3 Qc7 30. R3d2 Qb6 31. Qd3 R5d7 32. a4 Qc6 33. Qf3 Qb6 34. Qd3 Rb7 35. Qc4 Rdb8 36. Rd3 Qa5 37. R3d2 Rb6 38. Qe2 Rb4 39. Kf3 c4 40. bxc4 Qxa4 41. Rxd4 Rc8 42. Kg3 Rbxc4 43. Rxc4 Rxc4 44. Ra1 Rc3+ 0-1

[Event "CRO-chT U20 23rd"]
[Site "Sv Filip i Jakov"]
[Date "2014.04.15"]
[Round "3.5"]
[White "Havas, Juraj"]
[Black "Glavan, Marko"]
[Result "1-0"]
[WhiteElo "2091"]
[BlackElo "2049"]
[PlyCount "125"]
[EventDate "2014.04.14"]
[EventType "team-tourn"]
[EventRounds "11"]
[EventCountry "CRO"]
[SourceTitle "EXT 2016"]
[Source "ChessBase"]
[SourceDate "2015.10.08"]
[SourceVersion "1"]
[SourceVersionDate "2015.10.08"]
[SourceQuality "1"]

1. d4 Nf6 2. c4 e6 3. Nf3 Nc6 4. Nc3 Bb4 5. Qc2 d6 6. e3 Qe7 7. Be2 e5 8. d5 Bxc3+ 9. Qxc3 Nb8 10. 0-0 a5 11. b3 0-0 12. a3 Bg4 13. Bb2 Nbd7 14. Rae1 Nc5 15. Qc2 Bh5 16. b4 Ncd7 17. e4 b6 18. g3 Ne8 19. Nd2 Bxe2 20. Rxe2 Qg5 21. Kh1 f6 22. f4 Qh6 23. Bc1 exf4 24. gxf4 axb4 25. axb4 g6 26. Nf3 Ng7 27. Kg2 Qh5 28. Nd4 Rfe8 29. Rf3 f5 30. Rh3 Qg4+ 31. Rg3 Qh5 32. Rh3 Qg4+ 33. Rg3 Qh5 34. Rg5 Qh4 35. e5 dxe5 36. Nf3 Qh6 37. fxe5 f4 38. Bxf4 Rf8 39. Qd2 Nh5 40. Be3 Qg7 41. e6 Ndf6 42. Qd4 h6 43. Re5 Ne8 44. Re4 Nd6 45. Qxg7+ Kxg7 46. Rg4 Ra4 47. Ne5 g5 48. c5 bxc5 49. bxc5 Rxg4+ 50. Nxg4 Nf5 51. Rf2 Nxe3+ 52. Nxe3 Nf4+ 53. Kf1 Rd8 54. e7 Rb8 55. Rd2 Kf7 56. d6 cxd6 57. cxd6 Ke6 58. Nf5 Kxf5 59. d7 Rb1+ 60. Kf2 Nh3+ 61. Ke3 Re1+ 62. Re2 Rxe2+ 63. Kxe2 1-0

[Event "CRO-chT U20 23rd"]
[Site "Sv Filip i Jakov"]
[Date "2014.04.15"]
[Round "4.3"]
[White "Ivekovic, Stjepan"]
[Black "Glavan, Marko"]
[Result "0-1"]
[WhiteElo "1653"]
[BlackElo "2049"]
[PlyCount "110"]
[EventDate "2014.04.14"]
[EventType "team-tourn"]
[EventRounds "11"]
[EventCountry "CRO"]
[SourceTitle "EXT 2016"]
[Source "ChessBase"]
[SourceDate "2015.10.08"]
[SourceVersion "1"]
[SourceVersionDate "2015.10.08"]
[SourceQuality "1"]

1. e4 c5 2. Nf3 d6 3. d4 cxd4 4. Nxd4 Nf6 5. Nc3 a6 6. Be3 e6 7. Be2 Be7 8. 0-0 0-0 9. f4 Qc7 10. Qd2 Nc6 11. Rad1 Rb8 12. a3 b5 13. Nxc6 Qxc6 14. Bf3 Qc7 15. Bd4 e5 16. Be3 a5 17. fxe5 dxe5 18. Nd5 Nxd5 19. Qxd5 Be6 20. Qd2 Rfc8 21. c3 b4 22. cxb4 axb4 23. axb4 Bxb4 24. Qc1 Qa5 25. Qa1 Qxa1 26. Rxa1 Bc5 27. Bxc5 Rxc5 28. Rf2 Rcb5 29. Rd1 f6 30. Rdd2 Rb4 31. h3 Ba2 32. Rfe2 Bb1 33. Kh2 R8b7 34. Rd8+ Kf7 35. Rdd2 Rb8 36. Rd7+ Kf8 37. Rdd2 Rd4 38. Rxd4 exd4 39. Rd2 d3 40. Kg3 Bc2 41. Kf4 Rxb2 42. Ke3 Ke7 43. g4 Ke6 44. e5 Rb6 45. exf6 Kxf6 46. Be4 g6 47. h4 Rb4 48. Bxd3 Bxd3 49. Kxd3 Rxg4 50. Rh2 Kf5 51. Ke3 Rf4 52. Rh1 h6 53. Rh2 Rf1 54. Ra2 Kg4 55. Ra4+ Kh5 0-1

[Event "CRO-chT2S"]
[Site "Makarska"]
[Date "2013.10.04"]
[Round "4.4"]
[White "Glavan, Marko"]
[Black "Bobanac, Miro"]
[Result "0-1"]
[WhiteElo "2041"]
[BlackElo "2291"]
[PlyCount "92"]
[EventDate "2013.04.05"]
[EventType "team-tourn"]
[EventRounds "9"]
[EventCountry "CRO"]
[SourceTitle "EXT 2014"]
[Source "ChessBase"]
[SourceDate "2013.11.20"]
[SourceVersion "1"]
[SourceVersionDate "2013.11.20"]
[SourceQuality "1"]
[WhiteTeam "Privlaka Sveti Vid"]
[BlackTeam "Split Mornar"]
[WhiteTeamCountry "CRO"]
[BlackTeamCountry "CRO"]

1. e4 c5 2. Nf3 e6 3. d4 cxd4 4. Nxd4 a6 5. Bd3 Qc7 6. 0-0 Nc6 7. Nxc6 Qxc6 8. c4 b6 9. Qe2 Bb7 10. Nc3 Bc5 11. Be3 Ne7 12. Rfc1 Nf5 13. Bxc5 bxc5 14. Qg4 Nd4 15. Qxg7 0-0-0 16. Qg3 Rdg8 17. Qe3 f5 18. f3 Rg6 19. Bf1 Rhg8 20. b4 cxb4 21. Nd5 Qc5 22. Kh1 fxe4 23. fxe4 e5 24. Rab1 a5 25. Rb2 Bc6 26. Rf2 R8g7 27. Rd1 Ne6 28. Qxc5 Nxc5 29. Bd3 Rg4 30. Re2 Rf7 31. Kg1 Bxd5 32. cxd5 d6 33. Bc2 Rgf4 34. Rde1 Kb7 35. Bd1 Nd3 36. g3 R4f6 37. Ba4 Nxe1 38. Rxe1 Kb6 39. Rc1 Rc7 40. Bc6 Rf3 41. Re1 Rcf7 42. Rc1 Rc3 43. Rxc3 bxc3 44. Ba4 Kc5 45. Kg2 Kd4 46. Bc2 Ke3 0-1

[Event "CRO-ch U19"]
[Site "Vukovar"]
[Date "2013.07.28"]
[Round "9"]
[White "Muskardin, Mario"]
[Black "Glavan, Marko"]
[Result "1-0"]
[WhiteElo "2223"]
[BlackElo "2015"]
[PlyCount "87"]
[EventDate "2013.07.22"]
[EventType "swiss"]
[EventRounds "9"]
[EventCountry "CRO"]
[SourceTitle "EXT 2014"]
[Source "ChessBase"]
[SourceDate "2013.11.20"]
[SourceVersion "1"]
[SourceVersionDate "2013.11.20"]
[SourceQuality "1"]

1. e4 c5 2. Ne2 Nf6 3. Nbc3 d6 4. g3 g6 5. Bg2 Bg7 6. 0-0 0-0 7. d3 Nc6 8. f4 Rb8 9. h3 Bd7 10. Be3 b5 11. Qd2 b4 12. Nd1 a5 13. g4 a4 14. Rb1 Ne8 15. f5 Ne5 16. Nf2 Bb5 17. b3 Ra8 18. Bh6 axb3 19. axb3 Bxh6 20. Qxh6 Ra2 21. Qd2 Qb6 22. Nf4 Nc7 23. h4 Nc6 24. h5 Nd4 25. hxg6 fxg6 26. Rfc1 Bc6 27. Kh2 Kg7 28. Kg3 e5 29. Ne2 Nxe2+ 30. Qxe2 h6 31. Rh1 g5 32. Qd2 Rh8 33. Rxh6 Rxh6 34. Qxg5+ Kh7 35. f6 Ne6 36. Qf5+ Kh8 37. Qxe6 Qd8 38. g5 Bd7 39. Qxd6 Rh5 40. Qxe5 Qe8 41. Qf4 Qg6 42. f7 Rxg5+ 43. Kf3 Kg7 44. f8Q+ 1-0

[Event "Zadar op-B 19th"]
[Site "Zadar"]
[Date "2012.12.19"]
[Round "5"]
[White "Kljako, Damir"]
[Black "Glavan, Marko"]
[Result "1/2-1/2"]
[WhiteElo "2208"]
[BlackElo "1981"]
[PlyCount "20"]
[EventDate "2012.12.16"]
[EventType "swiss"]
[EventRounds "9"]
[EventCountry "CRO"]
[SourceTitle "EXT 2014"]
[Source "ChessBase"]
[SourceDate "2013.11.20"]
[SourceVersion "1"]
[SourceVersionDate "2013.11.20"]
[SourceQuality "1"]

1. d4 Nf6 2. Nf3 g6 3. Bg5 Bg7 4. Nbd2 0-0 5. h3 d6 6. c3 Nbd7 7. e3 h6 8. Bh4 Qe8 9. Be2 e5 10. dxe5 dxe5 1/2-1/2

[Event "Zadar op-B 19th"]
[Site "Zadar"]
[Date "2012.12.16"]
[Round "1"]
[White "Glavan, Marko"]
[Black "Curic, Drazen"]
[Result "1/2-1/2"]
[WhiteElo "1981"]
[BlackElo "2293"]
[PlyCount "69"]
[EventDate "2012.12.16"]
[EventType "swiss"]
[EventRounds "9"]
[EventCountry "CRO"]
[SourceTitle "EXT 2014"]
[Source "ChessBase"]
[SourceDate "2013.11.20"]
[SourceVersion "1"]
[SourceVersionDate "2013.11.20"]
[SourceQuality "1"]

1. e4 e5 2. Nf3 Nc6 3. Bb5 Nge7 4. 0-0 d6 5. d4 Bd7 6. d5 Nb8 7. Bxd7+ Nxd7 8. c4 Ng6 9. Nc3 Be7 10. Be3 h6 11. Qd2 0-0 12. h3 Qe8 13. Qc2 Nf4 14. Ne2 Nxe2+ 15. Qxe2 f5 16. exf5 Rxf5 17. Nh2 Qg6 18. Qg4 Qh7 19. b4 h5 20. Qe2 Qg6 21. Nf3 Raf8 22. Kh2 Qf7 23. Nd2 Bg5 24. Bxg5 Rxg5 25. Ne4 Rf5 26. Qe3 Nb6 27. Rac1 a6 28. Ng5 Qe7 29. Ne6 R8f6 30. Kg1 Rg6 31. Qe4 Rgf6 32. Qe3 Rf7 33. Rc3 Qh4 34. g3 Qe7 35. h4 1/2-1/2

[Event "Split op 2nd"]
[Site "Split"]
[Date "2012.08.19"]
[Round "9"]
[White "Glavan, Marko"]
[Black "Houska, Jiri"]
[Result "0-1"]
[WhiteElo "1940"]
[BlackElo "2183"]
[PlyCount "73"]
[EventDate "2012.08.11"]
[EventType "swiss"]
[EventRounds "9"]
[EventCountry "CRO"]
[SourceTitle "CBM 149 Extra"]
[Source "ChessBase"]
[SourceDate "2012.08.24"]
[SourceVersion "1"]
[SourceVersionDate "2012.08.24"]
[SourceQuality "1"]

1. c4 g6 2. Nc3 Bg7 3. d4 Nf6 4. e4 d6 5. Nf3 0-0 6. Be2 e5 7. 0-0 Nc6 8. d5 Ne7 9. b4 Ne8 10. Nd2 f5 11. a4 Nf6 12. f3 f4 13. c5 g5 14. Nc4 Ng6 15. Ba3 Rf7 16. b5 dxc5 17. Bxc5 h5 18. a5 g4 19. Bf2 Bf8 20. b6 g3 21. hxg3 fxg3 22. Bxg3 h4 23. Bf2 Nh5 24. Ne3 Ng3 25. Re1 Nf4 26. Bf1 Bc5 27. bxc7 Qg5 28. Qc2 h3 29. Bxg3 Qxg3 30. Na4 Bd4 31. Rad1 hxg2 32. Bxg2 Rg7 33. Qf2 Bh3 34. Kf1 Qxf2+ 35. Kxf2 Rxg2+ 36. Kf1 Rd2+ 37. Kg1 0-1

[Event "Split op 2nd"]
[Site "Split"]
[Date "2012.08.14"]
[Round "4"]
[White "Glavan, Marko"]
[Black "Bocina, Darko"]
[Result "1-0"]
[WhiteElo "1940"]
[BlackElo "2145"]
[PlyCount "111"]
[EventDate "2012.08.11"]
[EventType "swiss"]
[EventRounds "9"]
[EventCountry "CRO"]
[SourceTitle "CBM 149 Extra"]
[Source "ChessBase"]
[SourceDate "2012.08.24"]
[SourceVersion "1"]
[SourceVersionDate "2012.08.24"]
[SourceQuality "1"]

1. e4 c5 2. Nf3 d6 3. d4 cxd4 4. Nxd4 Nf6 5. Nc3 a6 6. Bg5 e6 7. f4 Be7 8. Qf3 Qc7 9. 0-0-0 Nbd7 10. g4 b5 11. Bxf6 Nxf6 12. g5 Nd7 13. f5 Bxg5+ 14. Kb1 Ne5 15. Qh5 Bf6 16. fxe6 0-0 17. Nd5 Qd8 18. Bh3 fxe6 19. Bxe6+ Kh8 20. Rhf1 Bb7 21. Bf5 g6 22. Bxg6 Nxg6 23. Ne6 Qc8 24. Nxf8 Qxf8 25. Nxf6 Qe7 26. Qxh7+ Qxh7 27. Nxh7 Bxe4 28. Ng5 d5 29. Nxe4 dxe4 30. Rfe1 Re8 31. h4 e3 32. Rd4 Re6 33. Kc1 Kg7 34. Rd3 e2 35. Rd4 Kh6 36. Kd2 Ne5 37. Rd3 Kh5 38. Rxe2 Kxh4 39. Re4+ Kg5 40. Rd5 Kf5 41. Rexe5+ Rxe5 42. Rxe5+ Kxe5 43. Kc3 Kd5 44. Kb4 Kc6 45. Ka5 Kb7 46. b4 Ka7 47. a4 bxa4 48. Kxa4 Kb6 49. c4 Kb7 50. Ka5 Ka7 51. c5 Kb7 52. c6+ Ka7 53. b5 axb5 54. Kxb5 Ka8 55. Ka6 Kb8 56. Kb6 1-0

[Event "Split op 2nd"]
[Site "Split"]
[Date "2012.08.13"]
[Round "3"]
[White "Katavic, Borivoj"]
[Black "Glavan, Marko"]
[Result "0-1"]
[WhiteElo "2182"]
[BlackElo "1940"]
[PlyCount "95"]
[EventDate "2012.08.11"]
[EventType "swiss"]
[EventRounds "9"]
[EventCountry "CRO"]
[SourceTitle "CBM 149 Extra"]
[Source "ChessBase"]
[SourceDate "2012.08.24"]
[SourceVersion "1"]
[SourceVersionDate "2012.08.24"]
[SourceQuality "1"]

1. g3 c5 2. Bg2 Nc6 3. Nf3 g6 4. d3 Bg7 5. c3 Nf6 6. h3 0-0 7. Qa4 Rb8 8. Qh4 Qb6 9. 0-0 h6 10. Bxh6 Qxb2 11. Nbd2 Qxc3 12. Rac1 Qa5 13. g4 d6 14. Rc2 Re8 15. Ng5 Nd4 16. Nb3 Nxb3 17. axb3 Qd8 18. Be4 d5 19. Nxf7 Kxf7 20. Bxg6+ Kxg6 21. Qg5+ Kf7 22. Qxg7+ Ke6 23. f4 Rg8 24. f5+ Kd7 25. Qf7 b6 26. e4 Qe8 27. Qe6+ Kd8 28. Qe5 Rb7 29. Rg2 Qd7 30. g5 Ne8 31. Qf4 dxe4 32. dxe4 Qd4+ 33. Kh2 Rd7 34. Re2 Nd6 35. g6 Bb7 36. e5 Qxf4+ 37. Rxf4 Nxf5 38. Rxf5 Rxg6 39. Bg5 Rd1 40. h4 Kd7 41. Rf7 Re6 42. Kg3 Rd3+ 43. Kg4 Ke8 44. Rff2 Rxb3 45. h5 Ba6 46. Ra2 Bd3 47. Rxa7 c4 48. h6 0-1

[Event "CRO-ch U17"]
[Site "Topusko"]
[Date "2012.07.24"]
[Round "3"]
[White "Glavan, Marko"]
[Black "Turcin, Lovro"]
[Result "1-0"]
[WhiteElo "1940"]
[BlackElo "1798"]
[PlyCount "105"]
[EventDate "2012.??.??"]
[EventType "swiss"]
[EventRounds "9"]
[EventCountry "CRO"]
[SourceTitle "EXT 2013"]
[Source "ChessBase"]
[SourceDate "2012.11.22"]
[SourceVersion "1"]
[SourceVersionDate "2012.11.22"]
[SourceQuality "1"]

1. d4 Nf6 2. c4 g6 3. Nc3 d5 4. Nf3 Bg7 5. Qb3 dxc4 6. Qxc4 a6 7. Bf4 c6 8. e4 0-0 9. Be2 b5 10. Qd3 Be6 11. Qc2 Qb6 12. h3 h6 13. Be3 Qb7 14. Ne5 Nbd7 15. f4 Nxe5 16. dxe5 Nd7 17. b3 Nb6 18. 0-0 f5 19. Bf3 Rac8 20. Qf2 Nd7 21. exf5 gxf5 22. Rfd1 Rb8 23. Qh4 Nb6 24. Bc5 Rbe8 25. Ne2 Bd5 26. Bh5 Bf7 27. Bxf7+ Rxf7 28. Nd4 e6 29. Rac1 Nd7 30. Bd6 c5 31. Nf3 Rc8 32. Kh2 Qe4 33. Re1 Qb7 34. Rc2 Qb6 35. Rec1 Rc6 36. Rg1 Rxd6 37. exd6 Qxd6 38. Rd2 Qc7 39. Rgd1 Nf8 40. Rd8 Bf6 41. Rxf8+ Kxf8 42. Qxh6+ Ke7 43. Kh1 c4 44. bxc4 bxc4 45. Ng5 c3 46. Nxf7 c2 47. Rc1 Bb2 48. Ng5 Bxc1 49. Qxe6+ Kf8 50. Qxf5+ Kg8 51. Qg6+ Qg7 52. Qxc2 Bxf4 53. Qc4+ 1-0

[Event "CRO-ch U17"]
[Site "Topusko"]
[Date "2011.07.27"]
[Round "5"]
[White "Glavan, Marko"]
[Black "Havas, Janko"]
[Result "0-1"]
[WhiteElo "1802"]
[BlackElo "2172"]
[PlyCount "63"]
[EventDate "2011.07.24"]
[EventType "swiss"]
[EventRounds "9"]
[EventCountry "CRO"]
[SourceTitle "EXT 2012"]
[Source "ChessBase"]
[SourceDate "2011.11.24"]
[SourceVersion "1"]
[SourceVersionDate "2011.11.24"]
[SourceQuality "1"]

1. d4 Nf6 2. c4 g6 3. Nc3 Bg7 4. e4 d6 5. f3 0-0 6. Be3 c6 7. Nge2 a6 8. c5 dxc5 9. dxc5 Qc7 10. Na4 Nbd7 11. Nec3 Ne5 12. Nb6 Rb8 13. Be2 h5 14. 0-0 h4 15. h3 Nh5 16. f4 Ng3 17. fxe5 Nxf1 18. Qxf1 Bxe5 19. Nxc8 Rbxc8 20. Bh6 Bg7 21. Bxg7 Kxg7 22. Qf2 Qe5 23. Bf3 Rcd8 24. Na4 Rd4 25. Nb6 Rfd8 26. b3 Rd2 27. Qe1 Qxc5+ 28. Kh1 Qxb6 29. Qxh4 Qd4 30. Rf1 Qe5 31. a4 R8d3 32. b4 0-1

[Event "CRO-ch U17"]
[Site "Topusko"]
[Date "2011.07.25"]
[Round "3"]
[White "Glavan, Marko"]
[Black "Muskardin, Mario"]
[Result "1/2-1/2"]
[WhiteElo "1802"]
[BlackElo "2249"]
[PlyCount "151"]
[EventDate "2011.07.24"]
[EventType "swiss"]
[EventRounds "9"]
[EventCountry "CRO"]
[SourceTitle "EXT 2012"]
[Source "ChessBase"]
[SourceDate "2011.11.24"]
[SourceVersion "1"]
[SourceVersionDate "2011.11.24"]
[SourceQuality "1"]

1. c4 Nf6 2. Nc3 e6 3. e4 d6 4. d4 Be7 5. Nf3 0-0 6. Bd3 Nbd7 7. 0-0 e5 8. d5 a5 9. h3 Nc5 10. Bc2 g6 11. a3 Nh5 12. Be3 b6 13. Rb1 Ng7 14. b4 Nd7 15. Nh2 f5 16. exf5 Nxf5 17. Bxf5 Rxf5 18. Ng4 Bf8 19. Ne4 axb4 20. axb4 Bg7 21. Qd2 Rf8 22. Bg5 Qe8 23. Bh6 Qe7 24. Rbe1 Ra4 25. Bg5 Qe8 26. f4 h5 27. Nh2 Kh7 28. Nf3 Ba6 29. b5 Bb7 30. Qc2 Qa8 31. Nh4 Ra2 32. Qb1 exf4 33. Be7 Bd4+ 34. Kh1 Rg8 35. Ng5+ Kh6 36. Nf7+ Kh7 37. Rxf4 Ra1 38. Ng5+ Kh8 39. Rf7 Rg7 40. Qe4 Rxe1+ 41. Qxe1 Qa1 42. Qxa1 Bxa1 43. Rxg7 Kxg7 44. Ne6+ Kf7 45. Bd8 Bf6 46. Bxf6 Kxf6 47. Nxc7 Ne5 48. Kg1 Nxc4 49. Kf2 Ke7 50. Nxg6+ Kd7 51. Ne6 Bxd5 52. Nd4 Bf7 53. Nf4 Ke7 54. Kg3 Kf6 55. Kh4 Ke5 56. Nfe2 Ne3 57. Nf3+ Kf6 58. g4 hxg4 59. hxg4 Be8 60. Ned4 Bd7 61. g5+ Kg6 62. Nc6 Nf5+ 63. Kg4 Ne7+ 64. Kf4 Nxc6 65. bxc6 Bxc6 66. Nd4 Bb7 67. Nb5 d5 68. Ke5 Kxg5 69. Nc3 d4 70. Kxd4 Bc6 71. Nd5 b5 72. Ne7 Bd7 73. Kc5 Kf6 74. Nd5+ Ke5 75. Nc3 b4 76. Kxb4 1/2-1/2

[Event "CRO-ch U15 19th"]
[Site "Sibenik"]
[Date "2010.07.02"]
[Round "8"]
[White "Listes, Leon"]
[Black "Glavan, Marko"]
[Result "0-1"]
[WhiteElo "1620"]
[BlackElo "1785"]
[PlyCount "114"]
[EventDate "2010.06.28"]
[EventType "swiss"]
[EventRounds "9"]
[EventCountry "CRO"]
[SourceTitle "CBM 137 Extra"]
[Source "ChessBase"]
[SourceDate "2010.09.01"]
[SourceVersion "1"]
[SourceVersionDate "2010.09.01"]
[SourceQuality "1"]

1. e4 c5 2. Nf3 d6 3. d4 cxd4 4. Qxd4 a6 5. Nc3 Nc6 6. Qd1 Nf6 7. Bc4 e6 8. Bb3 Be7 9. 0-0 0-0 10. Re1 Qc7 11. Qe2 b5 12. Bg5 Bb7 13. Rad1 Rfd8 14. e5 dxe5 15. Nxe5 Rxd1 16. Nxd1 Nxe5 17. Qxe5 Qxe5 18. Rxe5 Nd7 19. Rxe6 fxe6 20. Bxe7 Kf7 21. Bd6 Nf6 22. Be5 Bd5 23. Bxd5 exd5 24. Ne3 Ke6 25. Bd4 Rc8 26. c3 g6 27. h4 h5 28. f3 Rc7 29. Kf2 Rf7 30. Ke2 Ne8 31. g4 hxg4 32. Nxg4 Rh7 33. Bf2 Nf6 34. Bg3 Nxg4 35. fxg4 Rh8 36. Ke3 Rc8 37. Bf4 Rc4 38. h5 gxh5 39. gxh5 Kf5 40. Bd6 Kg5 41. Be7+ Kxh5 42. Bf6 Kg4 43. Bd4 Kg3 44. Kd2 Kf4 45. Kd3 Kf3 46. a3 Kf4 47. Be3+ Ke5 48. Bd4+ Kd6 49. b4 Ke6 50. Bc5 Ke5 51. Bd4+ Rxd4+ 52. cxd4+ Kf4 53. Kd2 Ke4 54. Kc3 Ke3 55. Kb3 Kxd4 56. a4 Kd3 57. axb5 axb5 0-1